| 000 | 009260000a22002170004500 | ||
|---|---|---|---|
| 020 | _a978-157658-339-5 | ||
| 082 | 0 | 4 | _aG 253 G9755p |
| 100 | 1 | _aGunderson, Denny | |
| 245 | 1 | 0 | _aLa paradoja del liderazgo : una invitación al liderazgo servicial en un mundo hambriento de poder / Denny Gunderson |
| 260 | _aTyler, Texas : JUCUM | ||
| 300 | _a143 P. | ||
| 500 | _aTitulo original en ingles: The leadership paradox | ||
| 501 | _arústico | ||
| 505 | 0 | 0 | _aLa trampa del control -- El toque de sirena del estrellato -- Transformados mediante la aceptación -- Los peligros del favoritismo -- EN el extremo receptor -- Que sus actos hablen -- El factor mansedumbre -- Fe suficiente para confiar |
| 650 | 1 | 4 | _aLIDERAZGO CRISTIANO \ TEOLOGIA SOCIAL \ LIDERAZGO EN LA BIBLIA |
| 001 | 1812 | ||
| 942 | _cBK | ||
| 999 |
_c32988 _d32988 |
||
| 336 |
_atexto _btxt _2rdacontent |
||
| 337 |
_2rdamedia _asin mediación _bn |
||
| 338 |
_2rdacarrier _avolumen _bnc |
||